000 00679nam a2200241Ia 4500
003 OSt
005 20221007075613.0
006 a|||||r|||| 00| 0
007 ta
008 221006b |||||||| |||| 00| 0 eng d
024 _a23,995
037 _cTextual
040 _aFLL
_cFLL
_beng
041 _2eng
_aeng
082 _aZ2:211:1qN76, L6
100 _aAggarawala Om Prakash
245 0 _aUrban land (ceiling and regulation) act, 1976
250 _a1st
260 _aNew Delhi
_bMetropolitan Book Co. (P) Ltd. India
_c1976
300 _axxii,1-115p
_ccm.
942 _hZ2:211:1qN76, L6
_cTEXL
_2CC
999 _c1156702
_d1156702